000 00393nam a22001817a 4500
003 OSt
005 20210928170618.0
008 210928b |||||||| |||| 00| 0 eng d
020 _a007312950
040 _cHU
082 _a170 TAK
_b1
100 _aSTEPHEN SATRIS
_97773
245 _aMORAL ISSUES
250 _a10 th
260 _aUSA
_bHALL
_c2006
300 _a357
942 _2ddc
_cBOOKS
_n0
999 _c7277
_d7277